<?xml version="1.0" encoding="UTF-8"?>
<marc:record xmlns:marc="http://www.loc.gov/MARC21/slim">
   <marc:leader>00000nam a2200000 a 4500</marc:leader>
   <marc:datafield ind1="1" ind2=" " tag="100">
      <marc:subfield code="a">Hell, Henriette</marc:subfield>
      <marc:subfield code="4">aut</marc:subfield>
      <marc:subfield code="e">Verfasser/-in</marc:subfield>
   </marc:datafield>
   <marc:datafield ind1=" " ind2=" " tag="653">
      <marc:subfield code="a">Feminismus / Ratgeber</marc:subfield>
   </marc:datafield>
   <marc:datafield ind1=" " ind2=" " tag="653">
      <marc:subfield code="a">Selbstbewusstsein / Ratgeber</marc:subfield>
   </marc:datafield>
   <marc:datafield ind1="0" ind2="0" tag="245">
      <marc:subfield code="a">Ihr könnt mich mal so nehmen, wie ich bin</marc:subfield>
   </marc:datafield>
   <marc:datafield ind1="0" ind2="0" tag="245">
      <marc:subfield code="b">Mein ziemlich geiles Leben ohne Kind und Karriere</marc:subfield>
   </marc:datafield>
   <marc:datafield ind1="0" ind2="0" tag="245">
      <marc:subfield code="c">Hell, Henriette</marc:subfield>
   </marc:datafield>
   <marc:datafield ind1=" " ind2="1" tag="264">
      <marc:subfield code="c">2021</marc:subfield>
   </marc:datafield>
   <marc:datafield ind1="1" ind2=" " tag="520">
      <marc:subfield code="a">Zwischen Sekt und Sahnetorte stellte Oma die Frage der Fragen: Kind, willst du nicht endlich heiraten und Kinder kriegen? Kurz davor hatte es für Henriette 30 geschlagen und ihr unabhängiges Leben war super. Doch über Nacht scheint sie zum Ü30-Härtefall geworden zu sein: Von den einen kritisch beäugt, von den anderen beneidet. Zwischen Bausparvertrag, Dating-Chaos, DJ-Pult und digitalem Nomadentum sucht Henriette Hell nach einem Lebensentwurf, der die inneren und äußeren Fragen zum Verstummen bringt. Bis sie erkennt: Das Leben kann mich mal so nehmen, wie ich bin! &#xD;
&#xD;
Eine humorvolle Kampfansage an den bürgerlichen Lebensentwurf, der vielen jungen Frauen Ü-30 aus der Seele spricht und Entlastung verschafft.</marc:subfield>
   </marc:datafield>
   <marc:datafield ind1=" " ind2=" " tag="020">
      <marc:subfield code="a">9783833877186</marc:subfield>
      <marc:subfield code="9">9783833877186</marc:subfield>
   </marc:datafield>
   <marc:datafield ind1=" " ind2=" " tag="020">
      <marc:subfield code="a">3833877189</marc:subfield>
      <marc:subfield code="9">3833877189</marc:subfield>
   </marc:datafield>
   <marc:datafield ind1=" " ind2=" " tag="041">
      <marc:subfield code="a">ger</marc:subfield>
   </marc:datafield>
   <marc:datafield ind1=" " ind2=" " tag="338">
      <marc:subfield code="a">Band</marc:subfield>
   </marc:datafield>
   <marc:datafield ind1=" " ind2=" " tag="300">
      <marc:subfield code="a">192 S.</marc:subfield>
   </marc:datafield>
</marc:record>
